| 000 | 00959cam a2200253 4500 | ||
|---|---|---|---|
| 001 | WB3808-31 | ||
| 008 | 020227n2002 000 0 eng u | ||
| 035 | _a(Sirsi) u116874 | ||
| 245 | _aNew style 'co-op' for north west | ||
| 260 | _c2002 | ||
| 490 |
_aFarmers Guardian _v 22 February 2002, 24(1) |
||
| 520 | _aNew style farmers co-operatives will be established in Cumbria and the north west as part of changes recommended by the Food and Farming Commission. These co-ops will help unite farmers and businesses, helping farmers to become more market-led and customer driven as well as helping to solve community problems. | ||
| 590 | _aWB | ||
| 650 | _aNORTH WEST ENGLAND | ||
| 650 | _aCUMBRIA | ||
| 650 | _aFARMERS' COOPERATIVES | ||
| 650 | _aFARM BUSINESSES | ||
| 650 | _aRURAL BUSINESSES | ||
| 650 | _aRURAL ECONOMY | ||
| 650 | _aRURAL REGENERATION | ||
| 650 | _aRURAL ISSUES | ||
| 690 | _aRURAL-AGRICULTURE AND FORESTRY | ||
| 942 | _n0 | ||
| 999 |
_c69611 _d69611 |
||